90 secs World Capitals: by 5 closest further North - Statistics

General Stats
  • This quiz has been taken 934 times
  • The average score is 97 of 196
Answer Stats
Capital City % Correct
London
94%
Oslo
94%
Dublin
93%
Reykjavik
90%
Amsterdam
88%
Helsinki
88%
Ottawa
88%
Madrid
87%
Copenhagen
86%
Riga
86%
Berlin
85%
Stockholm
85%
Washington
83%
Ulaanbaatar
82%
Beijing
81%
Lima
81%
Moscow
81%
Paris
81%
Monaco
80%
Tallinn
80%
Tashkent
80%
Bishkek
79%
Brasilia
78%
Astana
76%
Baku
74%
Port-Vila
74%
Suva
74%
Brussels
72%
Seoul
72%
Canberra
71%
Luxembourg
71%
Port-of-Spain
70%
Honiara
68%
Vilnius
68%
Nassau
67%
Vatican City
67%
Andorra la Vella
65%
Dili
65%
Havana
65%
Lilongwe
65%
Pyongyang
65%
Saint George's
65%
Tokyo
65%
Georgetown
64%
Lisbon
64%
Sofia
64%
Damascus
63%
Sucre
63%
Lusaka
62%
Harare
61%
Ljubljana
61%
San Marino
61%
Beirut
60%
Bern
60%
Chisinau
60%
San Jose
60%
Yerevan
60%
Zagreb
60%
Amman
59%
Asuncion
59%
Bangkok
59%
Dushanbe
59%
Nicosia
59%
Rome
59%
Skopje
59%
Tehran
59%
Niamey
58%
Panama
58%
Port Moresby
58%
Quito
57%
Santiago
57%
Apia
55%
Gaborone
55%
Kingston
55%
Paramaribo
55%
Warsaw
55%
Bucharest
54%
Jerusalem
54%
Prague
54%
Bandar Seri Begawan
53%
Caracas
53%
Hanoi
53%
Pretoria
53%
Riyadh
53%
Vientiane
53%
Windhoek
53%
Bogota
52%
Kabul
52%
Ouagadougou
52%
Singapore
52%
Tirana
52%
Minsk
51%
Addis Ababa
50%
Ankara
50%
Ashgabat
50%
Baghdad
50%
Dhaka
50%
Mexico City
50%
Nay Pyi Taw
49%
Bamako
48%
Juba
48%
Kiev
48%
Tbilisi
48%
Bangui
47%
Cairo
47%
Djibouti
47%
Doha
47%
Khartoum
47%
Manama
47%
Phnom Penh
47%
Tunis
47%
Abuja
46%
Athens
46%
Islamabad
46%
New Delhi
46%
Podgorica
46%
Vienna
46%
Yaounde
46%
Jakarta
45%
Pristina
45%
Algiers
44%
Buenos Aires
44%
Kinshasa
44%
Libreville
44%
Managua
44%
Taipei
44%
Thimphu
44%
Kuwait City
43%
Nuku'alofa
43%
Sanaa
43%
Sao Tome
43%
Wellington
43%
Brazzaville
42%
Kuala Lumpur
42%
Manila
42%
Rabat
42%
Budapest
41%
Kathmandu
41%
Porto-Novo
41%
Asmara
39%
Tegucigalpa
39%
Lome
38%
Mogadishu
38%
Nairobi
38%
N'Djamena
37%
Conakry
36%
Kampala
36%
San Salvador
36%
Vaduz
36%
Bratislava
35%
Dakar
35%
Dodoma
35%
Nouakchott
35%
Yamoussoukro
34%
Belgrade
33%
Moroni
33%
Tarawa
33%
Melekeok
32%
Castries
31%
Funafuti
30%
Kingstown
30%
Belmopan
29%
Praia
29%
Yaren
29%
Accra
28%
Bujumbura
28%
Roseau
28%
Sarajevo
28%
Abu Dhabi
27%
Majuro
27%
Port-au-Prince
27%
Kigali
26%
Guatemala City
25%
Luanda
24%
Banjul
22%
Victoria
21%
Palikir
20%
Santo Domingo
20%
Muscat
19%
Bridgetown
18%
Maputo
18%
Tripoli
18%
Malabo
17%
Male
17%
Basseterre
16%
Colombo
16%
Antananarivo
15%
Saint John's
15%
Bissau
14%
Valletta
13%
Montevideo
11%
Freetown
8%
Mbabane
8%
Maseru
7%
Port Louis
6%
Monrovia
3%
No matching quizzes found
Score Distribution
Percent of People with Each Score
Percentile by Number Answered
Your Score History
You have not taken this quiz